00426pab a2200145 454500008004000000100001900040245010400059260000900163300001400172362000800186650001600194650001700210700001800227773003500245180718b2010 xxu||||| |||| 00| 0 eng d aHansen, Henrik aThe short-run macroeconomic impact of foreign aid to small states: an agnostic time series analysis c2010 ap.877-96. aMay aForeign aid aSmall states aHeadey, Derek aJournal of Development Studies